000 00295nam a22001337a 4500
003 SGT
020 _a978-81-85457-74-3
082 _a616.024
_bG96K
100 _aKRASNER, NEVILLE
245 _aGASTROINTESTINAL BLEEDING
260 _aLONDON
_bBMJ PUB
_c1996
300 _a352
942 _2ddc
_cBK
999 _c18220
_d18220